Countries That Have The Most Blackouts - Statistics

General Stats
  • This quiz has been taken 10 times
  • The average score is 4 of 10
Answer Stats
# of blackouts Answer % Correct
21.50 Republic of the Congo
67%
22 Niger
56%
32.80 Nigeria
56%
28.30 Central African Republic
44%
38.80 Yemen
44%
26.20 Bangladesh
33%
22 Pakistan
33%
28 Benin
22%
41.90 Papua New Guinea
22%
21.10 Gambia
0%
No matching quizzes found
Score Distribution
Percent of People with Each Score
Percentile by Number Answered
Your Score History
You have not taken this quiz